000 00429ntaaa2200181 4500
003 01
005 20251027201041.0
008 0714s1973 ag 01
040 _aAR-BaBN
_bspa
_cAR-BaBN
_eaacr
_dRIC
082 _a179.8 T58
100 _aTolstoi, León
_97853
245 _aPlaceres viciosos /
_cLeón Tolstoi
250 _a1 ed.
260 _aBuenos Aires :
_bAlpe,
_c1953
300 _a210 p.
500 _aNovela
942 _cBK
999 _c4671
_d4671